Представление документа в формате RUSMARC

ПолеНазваниеЗначение
  Тип записи a
  Библиографический уровень m
001 Контрольный номер RU/IS/BASE/526647628
005 Дата корректировки 20240209174647.6
010 Индекс ISBN __
d Цена 47 р. 08 к.
9 Тираж экз.
100 Данные общей обработки __
a Данные общей обработки 20160908d2016 ||| 0rusy0189 ca
101 Язык документа 0_
a Язык текста rus
102 Страна публикации __
a Страна публикации RU
105 Кодированные данные (монография) __
a Кодированные данные (монография) y###||||000|y
200 Заглавие и сведения об ответственности 1_
a Заглавие Наследственное право
b Общее обозначение материала Текст
e Сведения, относящиеся к заглавию курс лекций
f Первые сведения об ответственности Ю. Н. Власов , В. В. Калинин
210 Выходные данные 1_
a Место издания Москва
c Издательство Юрайт-Издат
d Дата издания 2002
215 Физическое описание __
a Объем 144 с.
d Формат см.
300 Общие примечания __
a Общие примечания Ограничения по возрасту - 18+
300 Общие примечания __
a Общие примечания Под инв. номером 92617: 3-1
606 Тематические рубрики 0_
a Основная рубрика Наследственное право
610 Ключевые слова 0_
a Ключевые слова наследование по завещанию
a Ключевые слова наследство
a Ключевые слова наследники
a Ключевые слова наследование по закону
a Ключевые слова налогообложение наследства
686 Индексы других классификаций __
a Классификационный индекс 67.404.5
2 Код системы ББК
700 Автор _0
a Фамилия Власов
b Имя (инициалы) Юрий Николаевич
g Полное личное имя Ю. Н.
701 Альтернативная интеллектуальная ответственность _0
a Фамилия Калинин
b Имя (инициалы) В. В.
801 Источник записи _0
a Страна RU
b Организация МБУК ЦБС
c Дата составления 20160908
g Правила каталогизации RCR
801 Источник записи _1
a Страна RU
b Организация МБУК ЦБС г. Ульяновска
c Дата составления 20160908
g Правила каталогизации RCR
899 Данные о местонахождении __
i Авторский знак В 58
j Расстановочный фильтр 67.404
901 Тип документа __
t Тип документа m
910 Корректоры записи __
a Корректор записи Хисамова